000 00424 a2200157 4500
001 168589
020 _a
040 _cMagnum
100 _aDante, Luiz Roberto
240 1 0 _aMatematica: contexto e aplicacoes - volume unico - manual do professor
_lpor
245 1 0 _aMatematica: contexto e aplicacoes - volume unico - manual do professor
362 0 _a1899
440 1 _aÁtica
697 _aPARADIDATICO
942 _cBK
999 _c168589
_d168589